LEADER 01390nam2 2200325 i 450 001 VAN0014733 005 20090622120000.0 010 $a88-420-3210-7 020 $aIT$b90 13160 100 $a20031216d1988 |0itac50 ba 101 $aita 102 $aIT 105 $a|||| ||||| 200 1 $a1894-1902$fGaetano Salvemini$ga cura di Sergio Bucchi 210 $aRoma [ecc.]$cLaterza$d1988 215 $aVIII, 576 p.$d21 cm. 410 1$1001VAN0009761$12001 $aCollezione di studi meridionali. - Firenze$eVallecchi ; [poi] Roma$eCollezione meridionale editrice$e[poi]$eLaterza, 1925-. - Altri editori successivi. 461 1$1001VAN0001545$12001 $aCarteggio$fGaetano Salvemini$1210 $aRoma [etc.]$cLaterza$a[poi] Manduria$cLacaita$1215 $av.$d21 cm. 606 $aSalvemini, Gaetano$xLettere e carteggi$3VANC005498$2FI 620 $dRoma$3VANL000360 676 $a945.090924$v21 700 1$aSalvemini$bGaetano$3VANV007585$0342619 702 1$aBucchi$bSergio$3VANV010709 712 $aLaterza $3VANV107871$4650 801 $aIT$bSOL$c20230616$gRICA 899 $aBIBLIOTECA DEL DIPARTIMENTO DI GIURISPRUDENZA$1IT-CE0105$2VAN00 912 $aVAN0014733 950 $aBIBLIOTECA DEL DIPARTIMENTO DI GIURISPRUDENZA$d00CONS XXIV.Ga.17 $e00 8748 20041116 996 $a1894-1902$91401410 997 $aUNICAMPANIA LEADER 01286nam0 2200301 i 450 001 VAN0053846 005 20240326025213.534 010 $a978-08-247-6530-9 100 $a20061001d1977 |0itac50 ba 101 $aeng 102 $aUS 105 $a|||| ||||| 200 1 $aIntegrals and measures$fWashek F. Pfeffer 210 $aNew York$cM. Dekker$d1977 215 $aIX, 259 p.$cill.$d24 cm 410 1$1001VAN0049155$12001 $aMonographs and textbooks in pure and applied mathematics$1210 $aNew York$cDekker$v42 606 $a28-XX$xMeasure and integration [MSC 2020]$3VANC019878$2MF 606 $a28A35$xMeasures and integrals in product spaces [MSC 2020]$3VANC022371$2MF 606 $a28A10$xReal- or complex-valued set functions [MSC 2020]$3VANC022385$2MF 620 $aUS$dNew York$3VANL000011 700 1$aPfeffer$bWashek F.$3VANV042549$058179 712 $aDekker $3VANV108181$4650 801 $aIT$bSOL$c20240329$gRICA 899 $aBIBLIOTECA DEL DIPARTIMENTO DI MATEMATICA E FISICA$1IT-CE0120$2VAN08 912 $aVAN0053846 950 $aBIBLIOTECA DEL DIPARTIMENTO DI MATEMATICA E FISICA$d08PREST 28-XX 3244 $e08 2588 I 20061001 996 $aIntegrals and measures$934052 997 $aUNICAMPANIA